<?xml version="1.0" encoding="UTF-8"?>
<collection xmlns="http://www.loc.gov/MARC21/slim">
 <record>
  <leader>     na                 </leader>
  <controlfield tag="001">INLIS000000000014718</controlfield>
  <controlfield tag="005">20250728080728</controlfield>
  <datafield tag="035" ind1=" " ind2=" ">
   <subfield code="a">0010-0725000004</subfield>
  </datafield>
  <datafield tag="245" ind1="1" ind2=" ">
   <subfield code="a">Community Relations :</subfield>
   <subfield code="b">Konsep dan aplikasinya /</subfield>
   <subfield code="c">Dr. Yosal Iriantara</subfield>
  </datafield>
  <datafield tag="100" ind1="0" ind2=" ">
   <subfield code="a">Yosal Iriantara</subfield>
  </datafield>
  <datafield tag="250" ind1=" " ind2=" ">
   <subfield code="a">Revisi</subfield>
  </datafield>
  <datafield tag="300" ind1=" " ind2=" ">
   <subfield code="a">x, 238.; 25 cm.</subfield>
  </datafield>
  <datafield tag="700" ind1="0" ind2=" ">
   <subfield code="a">Rema Karyanti Soenendar (Penyunting)</subfield>
  </datafield>
  <datafield tag="700" ind1="0" ind2=" ">
   <subfield code="a">Iqbal Triadi Nugraha (Penyunting)</subfield>
  </datafield>
  <datafield tag="260" ind1=" " ind2=" ">
   <subfield code="a">Bandung :</subfield>
   <subfield code="b">Simbiosa Rekatama Media,</subfield>
   <subfield code="c">2019</subfield>
  </datafield>
  <datafield tag="082" ind1=" " ind2=" ">
   <subfield code="a">659.2</subfield>
  </datafield>
  <datafield tag="084" ind1=" " ind2=" ">
   <subfield code="a">659.2 YOS c</subfield>
  </datafield>
  <datafield tag="020" ind1=" " ind2=" ">
   <subfield code="a">978-602-7973-86-2</subfield>
  </datafield>
  <datafield tag="520" ind1=" " ind2=" ">
   <subfield code="a">Konsep tanggung jawab social korporat melahirkan tantangan bagi para praktisi public relations di tanah air. Melalui konsep ini, citra atau reputasi organisasi harus diikhtiarkan agar tetap terjaga. Namun di samping itu, melalui kegiatan community relations, organisasi bisnis dituntut untuk memainkan peran mengatasi permasalahan social yang dialami komunitas.</subfield>
  </datafield>
  <controlfield tag="008">250728                e          0 ind  </controlfield>
  <datafield tag="650" ind1=" " ind2=" ">
   <subfield code="a">Hubungan masyarakat</subfield>
  </datafield>
  <datafield tag="990" ind1=" " ind2=" ">
   <subfield code="a">025.3738/PC/25</subfield>
  </datafield>
  <datafield tag="990" ind1=" " ind2=" ">
   <subfield code="a">025.3739/PC/25</subfield>
  </datafield>
  <datafield tag="990" ind1=" " ind2=" ">
   <subfield code="a">025.3740/PC/25</subfield>
  </datafield>
 </record>
</collection>
